Random Asian Countries to Capitals With a Map - Statistics

General Stats
  • This quiz has been taken 253 times
  • The average score is 11 of 15
Answers on the Map
Answers color-coded by a green-red scale on the quiz's map according to % correct below.
 
Answer Stats
Capital % Correct
Jakarta
100%
Tokyo
100%
Pyongyang
96%
Ankara
95%
New Delhi
95%
Baghdad
94%
Bangkok
94%
Beijing
94%
Jerusalem
93%
Kuwait City
93%
Islamabad
91%
Taipei
91%
Manila
89%
Nur-Sultan
88%
Seoul
87%
Ulaanbaatar
87%
Dhaka
85%
Tehran
83%
Kathmandu
82%
Nicosia
82%
Damascus
81%
Doha
81%
Kuala Lumpur
81%
Tbilisi
81%
Abu Dhabi
80%
Sana'a
78%
Muscat
77%
Riyadh
75%
Kabul
74%
Dili
73%
Hanoi
73%
Amman
71%
Baku
71%
Thimphu
71%
Yerevan
71%
Vientiane
70%
Sri Jayawardenepura Kotte
68%
Beirut
67%
Ashgabat
63%
Phnom Penh
63%
Naypyidaw
56%
Bandar Seri Begawan
55%
Bishkek
55%
Dushanbe
45%
Tashkent
24%
Beijing
20%
No matching quizzes found
Score Distribution
Percent of People with Each Score
Percentile by Number Answered
Your Score History
You have not taken this quiz